<?xml version="1.0" encoding="UTF-8"?>
<record
    xmlns:xsi="http://www.w3.org/2001/XMLSchema-instance"
    xsi:schemaLocation="http://www.loc.gov/MARC21/slim http://www.loc.gov/standards/marcxml/schema/MARC21slim.xsd"
    xmlns="http://www.loc.gov/MARC21/slim">

  <leader>02929nam a2200313Ia 4500</leader>
  <controlfield tag="003">OSt</controlfield>
  <controlfield tag="005">20210818163945.0</controlfield>
  <controlfield tag="008">210310s1998    ck ad  gr     000 0dspa d</controlfield>
  <datafield tag="020" ind1=" " ind2=" ">
    <subfield code="a">9586017796</subfield>
  </datafield>
  <datafield tag="040" ind1=" " ind2=" ">
    <subfield code="a">CO-JMCR</subfield>
    <subfield code="c">CO-JMCR</subfield>
  </datafield>
  <datafield tag="041" ind1="0" ind2=" ">
    <subfield code="a">spa</subfield>
  </datafield>
  <datafield tag="082" ind1="0" ind2="4">
    <subfield code="a">338.98 /</subfield>
    <subfield code="b">G516c</subfield>
    <subfield code="2">23</subfield>
  </datafield>
  <datafield tag="100" ind1="1" ind2=" ">
    <subfield code="a">Giraldo Giraldo, C&#xE9;sar, </subfield>
    <subfield code="9">17088</subfield>
    <subfield code="e">autor</subfield>
  </datafield>
  <datafield tag="245" ind1="1" ind2="0">
    <subfield code="a">Crisis fiscal y financiera en Am&#xE9;rica Latina / </subfield>
    <subfield code="c">C&#xE9;sar Giraldo Giraldo, Pierre Salama, Jorge Iv&#xE1;n Gonz&#xE1;lez [y 1 m&#xE1;s]</subfield>
  </datafield>
  <datafield tag="250" ind1=" " ind2=" ">
    <subfield code="a">Primera edici&#xF3;n</subfield>
  </datafield>
  <datafield tag="260" ind1=" " ind2=" ">
    <subfield code="a">Bogot&#xE1; : </subfield>
    <subfield code="b">Tercer Mundo S.A. : ESAP, </subfield>
    <subfield code="c">1998</subfield>
  </datafield>
  <datafield tag="300" ind1=" " ind2=" ">
    <subfield code="a">XIII, 189 p&#xE1;ginas : </subfield>
    <subfield code="b">ilustraciones y gr&#xE1;ficas a blanco y negro ; </subfield>
    <subfield code="c">21 cm.</subfield>
  </datafield>
  <datafield tag="490" ind1="0" ind2=" ">
    <subfield code="a">Acad&#xE9;mica</subfield>
  </datafield>
  <datafield tag="500" ind1=" " ind2=" ">
    <subfield code="a">Incluye notas a pie de p&#xE1;gina.</subfield>
  </datafield>
  <datafield tag="504" ind1=" " ind2=" ">
    <subfield code="a">Bibliograf&#xED;a al final de cada cap&#xED;tulo.</subfield>
  </datafield>
  <datafield tag="505" ind1="0" ind2=" ">
    <subfield code="a">Hegemon&#xED;a del capital financiero internacional y pol&#xED;tica econ&#xF3;mica en Am&#xE9;rica Latina -- Financiarizaci&#xF3;n excluyente de las econom&#xED;as latinoamericanas -- De lo financiero a la flexibilidad en Am&#xE9;rica Latina y Norte y sureste de Asia -- Nueva crisis fiscal -- La deuda interna al servicio de la pol&#xED;tica monetaria -- La pol&#xED;tica fiscal en el modelo de sustituci&#xF3;n de importaciones </subfield>
  </datafield>
  <datafield tag="520" ind1="3" ind2=" ">
    <subfield code="a">La tesis central de La crisis fiscal y la crisis financiera en Am&#xE9; rica Latina es que existe una hegemon&#xED;a del capital financiero que ha condicionado la evoluci&#xF3;n de las variables fiscales y de la pol&#xED;tica econ&#xF3;mica de la regi&#xF3;n.
Para poder extraer rentas financieras de los pa&#xED;ses, dicho capital requiere la adopci&#xF3;n de ciertas decisiones de pol&#xED;tica econ&#xF3;mica; que permitan: aumentar la tasa de ganancia de la econom&#xED;a; que dicha ganancia pueda ser vertida en moneda divisa para poderla realizar en los mercados internacionales de capitales; garantizar la circulaci&#xF3;n del capital para poder permear todos los procesos econ&#xF3;micos, y absorber las actividades del Estado que son excedentarias.
Con el objeto de alcanzar los tres primeros objetivos se precisa flexibilizar los mercados de trabajo y capital. El primero para disminuir los salarios y as&#xED; poder aumentar la plusval&#xED;a absoluta (el capital financiero no tiene la paciencia necesaria para inducir un cambio t&#xE9;cnico que permita aumentar la plusval&#xED;a relativa), y el segundo para permitir la libre circulaci&#xF3;n del capital. Adem&#xE1;s de la flexibilizaci&#xF3;n se&#xF1;alada, se promueven pol&#xED;ticas de privatizaci&#xF3;n con el objeto de absorber los excedentes existentes en el Estado. Las pol&#xED;ticas mencionadas, flexibilizaci&#xF3;n y privatizaci&#xF3;n, se promueven con el discurso de darle preeminencia al mercado, que es lo que se conoce como el discurso neoliberal.</subfield>
  </datafield>
  <datafield tag="650" ind1="1" ind2="4">
    <subfield code="a">Crisis financiera</subfield>
    <subfield code="9">17090</subfield>
    <subfield code="z">Am&#xE9;rica Latina</subfield>
  </datafield>
  <datafield tag="650" ind1="2" ind2="4">
    <subfield code="a">Hacienda p&#xFA;blica</subfield>
    <subfield code="z">Am&#xE9;rica Latina</subfield>
    <subfield code="9">39498</subfield>
  </datafield>
  <datafield tag="650" ind1="2" ind2="4">
    <subfield code="a">D&#xE9;ficit fiscal</subfield>
    <subfield code="z">Am&#xE9;rica Latina</subfield>
    <subfield code="9">39499</subfield>
  </datafield>
  <datafield tag="700" ind1="1" ind2=" ">
    <subfield code="a">Salama, Pierre, </subfield>
    <subfield code="e">autor</subfield>
    <subfield code="9">5513</subfield>
  </datafield>
  <datafield tag="700" ind1="1" ind2=" ">
    <subfield code="a">Gonz&#xE1;lez, Jorge Iv&#xE1;n, </subfield>
    <subfield code="e">autor</subfield>
    <subfield code="9">5104</subfield>
  </datafield>
  <datafield tag="942" ind1=" " ind2=" ">
    <subfield code="2">ddc</subfield>
    <subfield code="c">BK</subfield>
  </datafield>
  <datafield tag="999" ind1=" " ind2=" ">
    <subfield code="c">8375</subfield>
    <subfield code="d">8375</subfield>
  </datafield>
  <datafield tag="952" ind1=" " ind2=" ">
    <subfield code="0">0</subfield>
    <subfield code="1">0</subfield>
    <subfield code="2">ddc</subfield>
    <subfield code="4">0</subfield>
    <subfield code="7">0</subfield>
    <subfield code="8">NFIC</subfield>
    <subfield code="a">CPL</subfield>
    <subfield code="b">CPL</subfield>
    <subfield code="d">2018-04-15</subfield>
    <subfield code="e">Donaci&#xF3;n</subfield>
    <subfield code="o">338.98 / G516c</subfield>
    <subfield code="p">430006336</subfield>
    <subfield code="r">2024-05-16 00:00:00</subfield>
    <subfield code="t">Ej.1</subfield>
    <subfield code="y">BK</subfield>
  </datafield>
</record>
